Jednodenní příběhy /

Main Author: Hájek, Tomáš, 1964-
Language: Czech
Published: Praha : Tilda, 2018
Physical Description: 100 stran ; 15 cm
Book
Saved in:
LEADER 01096cam a2200349 i 4500
001 nkc20183037857
003 CZ PrNK
005 20181109082924.0
007 ta
008 181005s2018 xr g 000 j cze d
015 |a cnb003037857 
020 |a 978-80-906499-2-7  |q (brožováno) 
035 |a (OCoLC)1078648756 
040 |a ABG001  |b cze  |d OLA001  |e rda 
072 7 |a 821.162.3-3  |x Česká próza  |2 Konspekt  |9 25 
080 |a 821.162.3-32  |2 MRF 
080 |a (0:82-32)  |2 MRF 
100 1 |a Hájek, Tomáš,  |d 1964-  |7 jn99240000340  |4 aut 
245 1 0 |a Jednodenní příběhy /  |c Tomáš Hájek 
264 1 |a Praha :  |b Tilda,  |c 2018 
300 |a 100 stran ;  |c 15 cm 
336 |a text  |b txt  |2 rdacontent 
337 |a bez média  |b n  |2 rdamedia 
338 |a svazek  |b nc  |2 rdacarrier 
655 7 |a české povídky  |7 fd133971  |2 czenas 
655 9 |a Czech short stories  |2 eczenas 
910 2 |a BOA001  |b S-1414.918 
920 |a 4437888  |z ABG001 
990 |a BK 
995 |a 01 
991 |b 201810  |c NOV 
996 6 |b 2610756660  |c S-1414.918  |l MZK  |r Sklad / do 24 hodin  |n 0  |p p.v.  |w 001690378  |u 000010  |a 1  |e BOA001  |j MZK50  |s P